[Event "XXXII Festival Conca della Presolana Magistrale"]
[Site "Bratto - Castione della Presolana ITA"]
[Date "2012.08.19"]
[Round "2"]
[White "Petrone, Gianmario"]
[Black "Castaldo, Folco"]
[WhiteElo "1957"]
[BlackElo "2432"]
[Result "0-1"]
[PlyCount "82"]
[EventDate "2012.08.18"]

1. e4 c5 2. Nf3 Nc6 3. d4 cxd4 4. Nxd4 g6 5. c4 Bg7 6. Be3 Nf6 7. Nc3 O-O 8.
Be2 d6 9. O-O Nxd4 10. Bxd4 Bd7 11. Qd2 Bc6 12. f3 a5 13. b3 Nd7 14. Be3 Nc5
15. Rac1 e6 16. Rfd1 Be5 17. Bg5 f6 18. Be3 f5 19. exf5 gxf5 20. f4 Bxc3 21.
Qxc3 Ne4 22. Qe1 Qf6 23. c5 d5 24. Bf3 h6 25. Bd4 Qe7 26. Bxe4 fxe4 27. Be5 Rf5
28. Rc3 Kh7 29. Rg3 Qxc5+ 30. Kh1 Qe7 31. Rg7+ Qxg7 32. Bxg7 Kxg7 33. Qe3 Raf8
34. g3 Kh7 35. Qc5 R8f7 36. Qd4 Rg7 37. Qe3 h5 38. Qe2 h4 39. Qe3 e5 40. fxe5
hxg3 41. hxg3 Rf3 0-1

[Event "XXXII Festival Conca della Presolana Magistrale"]
[Site "Bratto - Castione della Presolana ITA"]
[Date "2012.08.19"]
[Round "2"]
[White "Radice, Luca"]
[Black "Gonella, Daniele"]
[WhiteElo "2029"]
[BlackElo "2157"]
[Result "0-1"]
[PlyCount "60"]
[EventDate "2012.08.18"]

1. d4 Nf6 2. c4 g6 3. Nc3 d5 4. cxd5 Nxd5 5. e4 Nxc3 6. bxc3 Bg7 7. Bc4 c5 8.
Ne2 Nc6 9. Be3 cxd4 10. cxd4 Qa5+ 11. Qd2 Qxd2+ 12. Kxd2 O-O 13. Rhd1 Bd7 14.
Rab1 Na5 15. Bd3 Rfc8 16. Rdc1 a6 17. Nc3 e6 18. e5 Bc6 19. Ne4 Bd5 20. Nd6
Rxc1 21. Rxc1 Bxa2 22. Rc7 Bd5 23. Nxf7 Nb3+ 24. Kc3 a5 25. Nh6+ Bxh6 26. Bxh6
a4 27. Bb1 a3 28. Ba2 Nxd4 29. Bxd5 exd5 30. Kxd4 a2 0-1

[Event "XXXII Festival Conca della Presolana Magistrale"]
[Site "Bratto - Castione della Presolana ITA"]
[Date "2012.08.19"]
[Round "2"]
[White "Ramondino, Renzo"]
[Black "Lavorgna, Giovanni"]
[WhiteElo "2231"]
[BlackElo "2091"]
[Result "1-0"]
[PlyCount "79"]
[EventDate "2012.08.18"]

1. d4 Nf6 2. c4 e6 3. g3 Bb4+ 4. Bd2 Qe7 5. Bg2 O-O 6. Nf3 Bxd2+ 7. Nbxd2 d6 8.
O-O e5 9. Qc2 Re8 10. e3 e4 11. Ng5 Bf5 12. Rae1 h6 13. Nh3 Nbd7 14. Qb3 Rab8
15. f3 Bh7 16. Nf2 exf3 17. Bxf3 c6 18. Qc3 d5 19. b3 Qd6 20. e4 dxe4 21. Ndxe4
Qc7 22. Re3 Re7 23. Rfe1 Rbe8 24. Qb4 c5 25. Nxf6+ Nxf6 26. Rxe7 Rxe7 27. Rxe7
Qxe7 28. Qxc5 Qe1+ 29. Kg2 Bb1 30. Qc8+ Kh7 31. Bxb7 Qe3 32. Qc5 Bg6 33. Qe5
Qd2 34. Bf3 Qxa2 35. Qe3 Qc2 36. c5 h5 37. h3 h4 38. g4 a5 39. c6 Kg8 40. d5
1-0

[Event "XXXII Festival Conca della Presolana Magistrale"]
[Site "Bratto - Castione della Presolana ITA"]
[Date "2012.08.19"]
[Round "2"]
[White "Roy Chowdhury, Saptarshi"]
[Black "Panchanathan, Magesh Chandran"]
[WhiteElo "2391"]
[BlackElo "2564"]
[Result "0-1"]
[PlyCount "96"]
[EventDate "2012.08.18"]

1. e4 e5 2. Nf3 Nc6 3. Bc4 Nf6 4. d3 Be7 5. O-O O-O 6. Bb3 d5 7. Nbd2 a5 8. c3
Re8 9. Re1 Bf8 10. exd5 Nxd5 11. d4 Bg4 12. h3 Bh5 13. dxe5 Nf4 14. Ne4 Qxd1
15. Bxd1 Nd3 16. Re3 Rad8 17. g4 Ndxe5 18. Bc2 Nxf3+ 19. Rxf3 Bg6 20. Re3 h5
21. gxh5 Bxh5 22. Ng3 Bg6 23. Ba4 Bd6 24. Kg2 f6 25. Rxe8+ Rxe8 26. Be3 f5 27.
Ne2 Bf7 28. Bb3 g5 29. Ng1 f4 30. Bd2 Ne5 31. Re1 a4 32. Bxf7+ Kxf7 33. Nf3
Nxf3 34. Kxf3 Rh8 35. Kg2 b5 36. Re4 Rd8 37. Rd4 Ke6 38. Rd3 c5 39. Kf3 c4 40.
Rd4 Rh8 41. Kg2 Be5 42. Re4 Kf5 43. Re2 a3 44. Be1 Rd8 45. f3 Rd1 46. bxa3 Rc1
47. a4 bxa4 48. Re4 a3 0-1

[Event "XXXII Festival Conca della Presolana Magistrale"]
[Site "Bratto - Castione della Presolana ITA"]
[Date "2012.08.19"]
[Round "2"]
[White "Satyapragyan, Swayangsu"]
[Black "Prelati, Maurizio"]
[WhiteElo "2435"]
[BlackElo "1991"]
[Result "1-0"]
[PlyCount "67"]
[EventDate "2012.08.18"]

1. e4 c5 2. Nc3 g6 3. Nf3 Bg7 4. d4 cxd4 5. Nxd4 Nc6 6. Be3 Nf6 7. Bc4 O-O 8.
Bb3 a5 9. O-O Nxd4 10. Bxd4 d6 11. Qe2 Bd7 12. a4 Bc6 13. Rad1 Nd7 14. Bxg7
Kxg7 15. Bc4 Qb8 16. b3 Nc5 17. f4 f6 18. Kh1 Qe8 19. Qe3 Nd7 20. Ne2 Rc8 21.
Nd4 Nc5 22. e5 f5 23. Rfe1 Ne4 24. exd6 exd6 25. Ne6+ Kh8 26. Qd4+ Nf6 27. Nxf8
Qxf8 28. Re6 Kg7 29. Qxd6 Qxd6 30. Rdxd6 Ne4 31. Re7+ Kh6 32. Rd4 Nc3 33. Rd3
Nb1 34. Rh3# 1-0

[Event "XXXII Festival Conca della Presolana Magistrale"]
[Site "Bratto - Castione della Presolana ITA"]
[Date "2012.08.19"]
[Round "2"]
[White "Vezzosi, Paolo"]
[Black "Drazic, Sinisa"]
[WhiteElo "2309"]
[BlackElo "2516"]
[Result "0-1"]
[PlyCount "166"]
[EventDate "2012.08.18"]

1. c4 Nf6 2. Nf3 e6 3. g3 a6 4. Bg2 b5 5. O-O c5 6. Ne5 Ra7 7. d4 d6 8. Nc6
Nxc6 9. Bxc6+ Bd7 10. Bxd7+ Rxd7 11. cxb5 axb5 12. a4 Qa8 13. Nc3 b4 14. Nb5 c4
15. Bd2 d5 16. Qe1 Qa5 17. f3 Be7 18. e4 dxe4 19. fxe4 O-O 20. Qe2 Rc8 21. Rfc1
Qa8 22. e5 Ne4 23. Be3 Bg5 24. Bf4 c3 25. bxc3 Bxf4 26. gxf4 Nxc3 27. Qd3 Rcd8
28. Nd6 Rxd6 29. exd6 Rxd6 30. Rc2 Qa5 31. Qc4 g6 32. Qc5 Qd8 33. Qxb4 Nd5 34.
Qd2 Qh4 35. Qf2 Qg4+ 36. Qg3 Qf5 37. Rf2 h6 38. Qf3 Rc6 39. Qb3 Kg7 40. Qb8 Rc7
41. a5 Qd3 42. Qb2 Kh7 43. Qd2 Qc4 44. Rf3 Nb4 45. f5 exf5 46. Rh3 f4 47. Qxf4
h5 48. Rf3 Rd7 49. Rd1 Qd5 50. Ra3 Nc2 51. Rad3 Nb4 52. Ra3 Re7 53. Qf3 Qd6 54.
Qg3 Qe6 55. Raa1 Qf6 56. Rab1 Nd5 57. Rd3 Re4 58. Rf1 Qe6 59. Kh1 h4 60. Qg5 f6
61. Qd2 Re2 62. Qd1 Qe4+ 63. Rdf3 g5 64. Qd3 Qxd3 65. Rxd3 Ra2 66. Rf5 Rxa5 67.
Kg1 Kg6 68. Rf1 g4 69. Rc1 Ra2 70. Rdd1 f5 71. Ra1 Rc2 72. Rac1 Re2 73. Rf1 Re4
74. Rfe1 Rf4 75. Rf1 Rxd4 76. Rfd1 Rxd1+ 77. Rxd1 Nc3 78. Rd8 Kg5 79. Kf2 Kf4
80. Rh8 Ne4+ 81. Ke2 h3 82. Rh7 Ng5 83. Ra7 Nf3 0-1

[Event "XXXII Festival Conca della Presolana Magistrale"]
[Site "Bratto - Castione della Presolana ITA"]
[Date "2012.08.19"]
[Round "2"]
[White "Welling, Gerard"]
[Black "Mirzoev, Azer"]
[WhiteElo "2330"]
[BlackElo "2545"]
[Result "1/2-1/2"]
[PlyCount "118"]
[EventDate "2012.08.18"]

1. e4 c6 2. d3 d5 3. Nd2 e5 4. Ngf3 Bd6 5. Be2 Nf6 6. O-O O-O 7. d4 Nxe4 8.
dxe5 Bc7 9. Nxe4 dxe4 10. Qxd8 Rxd8 11. Ng5 h6 12. Nxe4 Bxe5 13. c3 Bf5 14. Ng3
Bc2 15. Be3 Nd7 16. Rac1 Bh7 17. Rfd1 Nb6 18. Rxd8+ Rxd8 19. Rd1 Rxd1+ 20. Bxd1
Nc4 21. Bc1 Bb1 22. a3 Bf6 23. Be2 Ne5 24. Be3 b6 25. Nh5 Bd8 26. Bd4 f6 27.
Nf4 Kf7 28. Kf1 Bc7 29. h3 Ke7 30. Ke1 g5 31. Bxe5 Bxe5 32. Bd3 Bxf4 33. Bxb1
Bc1 34. a4 Bxb2 35. Kd2 Kd6 36. Be4 b5 37. Kc2 Ba3 38. f4 bxa4 39. fxg5 fxg5
40. Kb1 Bc5 41. Ka2 Kc7 42. Bf3 Be7 43. Bh5 Kb6 44. Be8 Bf6 45. c4 Be7 46. Bf7
Bb4 47. Be8 a5 48. Bh5 Kc5 49. Be8 Kd6 50. Bh5 Ke5 51. Bf3 c5 52. Ba8 h5 53.
Bf3 Kd4 54. Bd5 Kc3 55. Bg8 a3 56. Bf7 h4 57. Bd5 Kd2 58. Ba8 Ke3 59. Bb7 a4
1/2-1/2

[Event "XXXII Festival Conca della Presolana Magistrale"]
[Site "Bratto - Castione della Presolana ITA"]
[Date "2012.08.20"]
[Round "3"]
[White "Alberton, Roberto"]
[Black "Radice, Luca"]
[WhiteElo "2108"]
[BlackElo "2029"]
[Result "1/2-1/2"]
[PlyCount "50"]
[EventDate "2012.08.18"]

1. e4 e6 2. d4 d5 3. Nd2 c5 4. exd5 Qxd5 5. dxc5 Bxc5 6. Ngf3 Nf6 7. Bd3 O-O 8.
O-O a6 9. Qe2 Nbd7 10. Rd1 Qc6 11. Nb3 Bd6 12. Na5 Qc7 13. Nc4 Bf4 14. c3 Bxc1
15. Raxc1 Nb6 16. Nxb6 Qxb6 17. Ne5 Rd8 18. Rd2 Bd7 19. Rcd1 Be8 20. Ng4 Nd7
21. Bb1 Nf8 22. Ne5 Qc7 23. Nf3 Ba4 24. b3 Be8 25. c4 a5 1/2-1/2

[Event "XXXII Festival Conca della Presolana Magistrale"]
[Site "Bratto - Castione della Presolana ITA"]
[Date "2012.08.20"]
[Round "3"]
[White "Anuprita, Patil"]
[Black "Vezzosi, Paolo"]
[WhiteElo "2123"]
[BlackElo "2309"]
[Result "1/2-1/2"]
[PlyCount "58"]
[EventDate "2012.08.18"]

1. d4 Nf6 2. c4 e6 3. Nc3 c5 4. d5 exd5 5. cxd5 d6 6. Nf3 g6 7. Bf4 a6 8. a4
Bg7 9. h3 O-O 10. e3 Qe7 11. Nd2 Nbd7 12. Nc4 Ne8 13. Be2 Ne5 14. O-O Rb8 15.
Nb6 f5 16. Bh2 Nf6 17. Rb1 Nfd7 18. Nxc8 Rfxc8 19. e4 fxe4 20. Nxe4 b5 21. axb5
axb5 22. Re1 Rd8 23. f4 Nf7 24. Bxb5 Bd4+ 25. Kh1 Qf8 26. Qe2 Bg7 27. Bxd7 Rxd7
28. Ng5 Nxg5 29. fxg5 Rdb7 1/2-1/2

[Event "XXXII Festival Conca della Presolana Magistrale"]
[Site "Bratto - Castione della Presolana ITA"]
[Date "2012.08.20"]
[Round "3"]
[White "Bemporad, Filippo"]
[Black "Ranieri, Fabrizio"]
[WhiteElo "2079"]
[BlackElo "2287"]
[Result "0-1"]
[PlyCount "82"]
[EventDate "2012.08.18"]

1. d4 e6 2. Nf3 d5 3. g3 Nf6 4. Bg2 Be7 5. c4 c6 6. O-O O-O 7. Nc3 Nbd7 8. Nd2
b6 9. e4 Bb7 10. cxd5 cxd5 11. e5 Ne8 12. Nf3 a5 13. Be3 Ba6 14. Re1 b5 15. Rc1
Nb6 16. a4 b4 17. Ne2 Nc4 18. Rb1 Nxe3 19. fxe3 g6 20. Nf4 Ng7 21. Rc1 Qd7 22.
b3 Rfc8 23. Qd2 Rc3 24. Rxc3 bxc3 25. Qc2 Rc8 26. Bf1 Bxf1 27. Rxf1 Nf5 28. Kf2
h5 29. Rc1 Qb7 30. h3 Kg7 31. Ne1 h4 32. g4 Ng3 33. Kg2 Ne4 34. Ned3 Rb8 35.
Rb1 Nd2 36. Rc1 Ba3 37. Nc5 Bxc5 38. dxc5 d4+ 39. Kg1 Qf3 40. Ng2 Qxh3 41. exd4
Rxb3 0-1

[Event "XXXII Festival Conca della Presolana Magistrale"]
[Site "Bratto - Castione della Presolana ITA"]
[Date "2012.08.20"]
[Round "3"]
[White "Burmakin, Vladimir"]
[Black "Genocchio, Daniele"]
[WhiteElo "2608"]
[BlackElo "2440"]
[Result "1/2-1/2"]
[PlyCount "65"]
[EventDate "2012.08.18"]

1. d4 Nf6 2. Nf3 g6 3. g3 Bg7 4. Bg2 O-O 5. O-O d6 6. c4 Nbd7 7. Nc3 e5 8. h3
h6 9. e4 Nh7 10. Be3 Ng5 11. Nxg5 hxg5 12. d5 Bf6 13. Qd2 Be7 14. b3 a6 15. f3
Rb8 16. Rac1 c5 17. dxc6 bxc6 18. Rfd1 Nc5 19. f4 gxf4 20. gxf4 Ne6 21. f5 Nf4
22. c5 d5 23. Bxf4 exf4 24. Qxf4 Rb4 25. Qf2 d4 26. Ne2 d3 27. Nf4 Bh4 28. Qf1
d2 29. Rc2 Rd4 30. Ne2 Rd3 31. Nf4 Rd4 32. Ne2 Rd3 33. Nf4 1/2-1/2

[Event "XXXII Festival Conca della Presolana Magistrale"]
[Site "Bratto - Castione della Presolana ITA"]
[Date "2012.08.20"]
[Round "3"]
[White "Cacciola, Alfredo"]
[Black "Cugini, Verter"]
[WhiteElo "2114"]
[BlackElo "2072"]
[Result "1-0"]
[PlyCount "67"]
[EventDate "2012.08.18"]

1. e4 e6 2. d4 d5 3. Nd2 Nf6 4. e5 Ne4 5. Nxe4 dxe4 6. Bc4 a6 7. a4 b6 8. Ne2
Bb7 9. Be3 c5 10. c3 cxd4 11. cxd4 Bb4+ 12. Bd2 Be7 13. O-O O-O 14. Be3 Nc6 15.
Ng3 Nb4 16. Qg4 Bd5 17. Bxd5 exd5 18. Bh6 g6 19. Bxf8 Kxf8 20. Rac1 Bg5 21. f4
Bh6 22. Rc3 Nd3 23. h3 b5 24. Kh2 Bg7 25. axb5 h5 26. Nxh5 gxh5 27. Qxh5 axb5
28. f5 f6 29. e6 Qe8 30. Qh7 Qb8+ 31. Kh1 Qg3 32. Qh5 Kg8 33. e7 Qb8 34. Ra3
1-0

[Event "XXXII Festival Conca della Presolana Magistrale"]
[Site "Bratto - Castione della Presolana ITA"]
[Date "2012.08.20"]
[Round "3"]
[White "Casadei, Mauro"]
[Black "Ricci, Marco"]
[WhiteElo "2165"]
[BlackElo "2089"]
[Result "1/2-1/2"]
[PlyCount "61"]
[EventDate "2012.08.18"]

1. e4 e6 2. d4 d5 3. Nd2 Nf6 4. Bd3 c5 5. c3 cxd4 6. cxd4 dxe4 7. Nxe4 Nxe4 8.
Bxe4 Bb4+ 9. Bd2 Bxd2+ 10. Qxd2 Nd7 11. Nf3 Nf6 12. Bc2 O-O 13. O-O b6 14. Ne5
Bb7 15. Rfd1 Qd5 16. f3 Rfd8 17. Bb3 Qd6 18. Nc4 Qe7 19. Ne3 Nd5 20. Ng4 Rac8
21. a3 h6 22. Rac1 Qg5 23. Qxg5 hxg5 24. Bxd5 Bxd5 25. Ne3 Bb3 26. Rxc8 Rxc8
27. Rd3 Bd5 28. Nxd5 Rc1+ 29. Kf2 Rc2+ 30. Ke3 exd5 31. Rd2 1/2-1/2

[Event "XXXII Festival Conca della Presolana Magistrale"]
[Site "Bratto - Castione della Presolana ITA"]
[Date "2012.08.20"]
[Round "3"]
[White "Castaldo, Folco"]
[Black "Maiorov, Nikita"]
[WhiteElo "2432"]
[BlackElo "2554"]
[Result "0-1"]
[PlyCount "64"]
[EventDate "2012.08.18"]

1. e4 e5 2. Nc3 Nf6 3. Bc4 Nc6 4. d3 Na5 5. Qf3 c6 6. Nge2 b5 7. Bb3 Bc5 8. Be3
Bxe3 9. fxe3 d6 10. Ng3 O-O 11. O-O Kh8 12. h3 a6 13. Nf5 Ng8 14. g4 Ra7 15.
Rf2 g6 16. Ng3 Qh4 17. Kg2 Nxb3 18. axb3 f6 19. Nge2 Rg7 20. Qg3 Qg5 21. Rg1 h5
22. gxh5 Qxh5 23. Qf3 Qh6 24. Kh2 g5 25. Rg3 g4 26. Qg2 Qh4 27. Kg1 gxh3 28.
Qh2 Rh7 29. Kf1 Nh6 30. Rff3 Bg4 31. Rxh3 Bxh3+ 32. Rxh3 Ng4 0-1

[Event "XXXII Festival Conca della Presolana Magistrale"]
[Site "Bratto - Castione della Presolana ITA"]
[Date "2012.08.20"]
[Round "3"]
[White "Ceccarini, Marco"]
[Black "Bresciani, Nicola"]
[WhiteElo "2058"]
[BlackElo "2255"]
[Result "0-1"]
[PlyCount "84"]
[EventDate "2012.08.18"]

1. e4 c5 2. Nc3 Nc6 3. g3 g6 4. Bg2 Bg7 5. d3 e6 6. Be3 d6 7. Qd2 Rb8 8. Nge2
Nd4 9. Bxd4 cxd4 10. Nb5 Qb6 11. Qb4 Ke7 12. Qb3 Bd7 13. Na3 Qa5+ 14. c3 b5 15.
Qb4 Qxb4 16. cxb4 Nh6 17. Bh3 Rhc8 18. O-O Rc7 19. Rfc1 Rbc8 20. Rxc7 Rxc7 21.
Rc1 Rxc1+ 22. Nxc1 f5 23. f3 Nf7 24. Ne2 a6 25. Nc2 Ne5 26. Ne1 Nc6 27. a3 Bh6
28. Nc2 e5 29. g4 fxe4 30. fxe4 Be6 31. Ne1 Bb3 32. Nf3 Be3+ 33. Kf1 Bc2 34.
Ne1 Bb1 35. g5 Bxg5 36. Bc8 Nb8 37. Bb7 Ba2 38. Nf3 Be3 39. h4 h6 40. Bc8 Bb1
41. Ne1 Ba2 42. Bg4 Bb3 0-1

[Event "XXXII Festival Conca della Presolana Magistrale"]
[Site "Bratto - Castione della Presolana ITA"]
[Date "2012.08.20"]
[Round "3"]
[White "Colovic, Aleksandar"]
[Black "Bonade', Massimo"]
[WhiteElo "2449"]
[BlackElo "2081"]
[Result "1/2-1/2"]
[PlyCount "53"]
[EventDate "2012.08.18"]

1. e4 c5 2. Nc3 d6 3. f4 g6 4. Nf3 Bg7 5. Bc4 e6 6. O-O Ne7 7. Qe1 O-O 8. d3
Nbc6 9. f5 d5 10. Bb3 c4 11. dxc4 dxc4 12. Bxc4 exf5 13. Qh4 Nd4 14. Be3 Nxc2
15. Bg5 Qb6+ 16. Kh1 Qxb2 17. Nb5 Nxa1 18. Bxe7 Be6 19. Ng5 h6 20. Nxe6 fxe6
21. Bxe6+ Kh7 22. Nd6 fxe4 23. Bxf8 Rxf8 24. Bf7 Qe2 25. Re1 Qd3 26. Nxe4 Nc2
27. Rc1 1/2-1/2

[Event "XXXII Festival Conca della Presolana Magistrale"]
[Site "Bratto - Castione della Presolana ITA"]
[Date "2012.08.20"]
[Round "3"]
[White "David, Alberto"]
[Black "Welling, Gerard"]
[WhiteElo "2595"]
[BlackElo "2330"]
[Result "1-0"]
[PlyCount "59"]
[EventDate "2012.08.18"]

1. d4 e6 2. c4 f5 3. g3 Nf6 4. Bg2 Be7 5. Nf3 d5 6. O-O O-O 7. Nbd2 Nc6 8. b3
Ne4 9. Bb2 a5 10. a3 Bd7 11. e3 Be8 12. Qe2 Bh5 13. Rfc1 Kh8 14. Qe1 Qe8 15.
Nb1 Qg6 16. Kh1 Qh6 17. Nc3 Rad8 18. Ne2 g5 19. cxd5 exd5 20. Ne5 Bxe2 21. Qxe2
Nxe5 22. dxe5 c6 23. Bd4 Rde8 24. Kg1 g4 25. Bxe4 dxe4 26. b4 axb4 27. axb4 Qe6
28. Ra7 Bxb4 29. Rxb7 Rb8 30. Rxc6 1-0

[Event "XXXII Festival Conca della Presolana Magistrale"]
[Site "Bratto - Castione della Presolana ITA"]
[Date "2012.08.20"]
[Round "3"]
[White "Drazic, Sinisa"]
[Black "Satyapragyan, Swayangsu"]
[WhiteElo "2516"]
[BlackElo "2435"]
[Result "1/2-1/2"]
[PlyCount "80"]
[EventDate "2012.08.18"]

1. d4 Nf6 2. c4 e6 3. a3 c5 4. Nf3 cxd4 5. Nxd4 Nc6 6. Nc3 Bc5 7. Nb3 Be7 8. e4
b6 9. Be3 Bb7 10. Be2 O-O 11. O-O Rc8 12. c5 d6 13. cxb6 axb6 14. f3 Ne5 15.
Qd4 Ned7 16. Rac1 Nc5 17. Na1 e5 18. Qd2 d5 19. exd5 Nxd5 20. Nxd5 Qxd5 21.
Qxd5 Bxd5 22. b4 Na4 23. Ba6 Rc3 24. Rxc3 Nxc3 25. Rc1 Ra8 26. Rxc3 Rxa6 27.
Rc8+ Bf8 28. Nc2 b5 29. Rb8 Bc6 30. Bc5 Ra8 31. Rb6 Be8 32. Bxf8 Kxf8 33. Kf2
f6 34. h4 Bg6 35. Ne3 Bd3 36. h5 Rxa3 37. Rb8+ Kf7 38. Rb7+ Kf8 39. Rb8+ Kf7
40. Rb7+ Kf8 1/2-1/2

[Event "XXXII Festival Conca della Presolana Magistrale"]
[Site "Bratto - Castione della Presolana ITA"]
[Date "2012.08.20"]
[Round "3"]
[White "Formento, Paolo"]
[Black "Roy Chowdhury, Saptarshi"]
[WhiteElo "2147"]
[BlackElo "2391"]
[Result "0-1"]
[PlyCount "106"]
[EventDate "2012.08.18"]

1. e4 c5 2. Nf3 Nc6 3. d4 cxd4 4. Nxd4 e5 5. Nb5 d6 6. N1c3 a6 7. Na3 Be7 8.
Nd5 Nf6 9. Nxf6+ Bxf6 10. Nc4 Be7 11. Be3 b5 12. Nb6 Rb8 13. Nxc8 Qxc8 14. c3
O-O 15. Be2 Na5 16. O-O Nc4 17. Bxc4 bxc4 18. Qc2 Qb7 19. Rab1 d5 20. exd5 Qxd5
21. Rfd1 Qe6 22. Qa4 Rb5 23. f3 h6 24. b4 e4 25. fxe4 Qxe4 26. Re1 Qg6 27. Qd1
Bf6 28. Bc5 Rd8 29. Qf3 Rd3 30. Re8+ Kh7 31. Qa8 Rd8 32. Rxd8 Qxb1+ 33. Kf2
Bxd8 34. Qxd8 Qxa2+ 35. Kf3 Qc2 36. Qd4 Qf5+ 37. Ke3 Rb8 38. Qxc4 Re8+ 39. Kd2
Qg5+ 40. Kc2 Qxg2+ 41. Kb3 Qg6 42. Qf1 f5 43. c4 Re4 44. b5 axb5 45. cxb5 Qe6+
46. Ka3 Qd5 47. Bb4 Qa8+ 48. Kb3 Re3+ 49. Kb2 Qe4 50. Bc3 Re2+ 51. Ka3 Qd3 52.
Qa1 Qxb5 53. Bxg7 Qa6+ 0-1

[Event "XXXII Festival Conca della Presolana Magistrale"]
[Site "Bratto - Castione della Presolana ITA"]
[Date "2012.08.20"]
[Round "3"]
[White "Gagliardi, Christian"]
[Black "Petrone, Gianmario"]
[WhiteElo "2217"]
[BlackElo "1957"]
[Result "1-0"]
[PlyCount "135"]
[EventDate "2012.08.18"]

1. d4 Nf6 2. Nf3 g6 3. Bf4 Bg7 4. e3 O-O 5. Be2 d6 6. h3 c5 7. c3 cxd4 8. exd4
Qb6 9. Qb3 Qxb3 10. axb3 Re8 11. O-O Nc6 12. Bh2 e5 13. dxe5 dxe5 14. Nfd2 Bf5
15. Na3 Rad8 16. Rfd1 a6 17. Ndc4 Ne4 18. b4 Be6 19. Bf3 Ng5 20. Bxc6 Rxd1+ 21.
Rxd1 bxc6 22. h4 Ne4 23. f3 Nf6 24. Bxe5 Nd5 25. Bxg7 Kxg7 26. Kf2 Kf6 27. Nd6
Rb8 28. Rd2 Ke7 29. Ne4 Nc7 30. Nc5 Bd5 31. Kg3 h5 32. Re2+ Kd6 33. Rd2 Ke7 34.
Kf2 f6 35. Ke1 g5 36. hxg5 fxg5 37. Kf2 Rf8 38. Kg3 Rb8 39. Kh2 Rf8 40. Nc2 Ne6
41. Nxe6 Kxe6 42. Ne1 Bc4 43. Rd4 Rf4 44. Rd8 g4 45. Kg3 gxf3 46. gxf3 Rf7 47.
Rh8 Rg7+ 48. Kf2 Rg5 49. Ng2 a5 50. bxa5 Rxa5 51. Nf4+ Kd6 52. Rh6+ Kc7 53. Ke3
Re5+ 54. Kd4 Rf5 55. Ke4 Rb5 56. b4 c5 57. Rxh5 cxb4 58. Rxb5 Bxb5 59. cxb4
Bc6+ 60. Ke3 Kd6 61. Nd3 Kd5 62. f4 Bd7 63. Ne5 Bf5 64. Nf3 Bd7 65. Nd4 Bg4 66.
b5 Bh3 67. f5 Ke5 68. b6 1-0

[Event "XXXII Festival Conca della Presolana Magistrale"]
[Site "Bratto - Castione della Presolana ITA"]
[Date "2012.08.20"]
[Round "3"]
[White "Giretti Kanev, Jasen"]
[Black "Gioseffi, Massimiliano"]
[WhiteElo "2189"]
[BlackElo "2128"]
[Result "1-0"]
[PlyCount "125"]
[EventDate "2012.08.18"]

1. d4 Nf6 2. Nf3 e6 3. Bg5 Be7 4. Nbd2 c5 5. e4 d6 6. e5 dxe5 7. dxe5 Nd5 8.
Ne4 Bxg5 9. Nfxg5 O-O 10. Nxh7 Qh4 11. Nhg5 f5 12. exf6 gxf6 13. g3 Qh8 14. Nf3
f5 15. Nxc5 Qxb2 16. Qd4 Nc3 17. Nb3 Nc6 18. Qf4 Ne4 19. Bd3 Qc3+ 20. Kf1 e5
21. Qh6 Rf6 22. Qe3 Kg7 23. Kg2 Nd6 24. Qd2 Qxd2 25. Nfxd2 Be6 26. f3 b6 27.
Rhe1 a5 28. a4 Nf7 29. Nc4 Bxc4 30. Bxc4 Rh8 31. Rad1 Rfh6 32. h4 f4 33. Rd7
Rf6 34. Rc7 Ncd8 35. Rxe5 fxg3 36. Nd4 Kf8 37. Bxf7 Rxf7 38. Rc8 Rd7 39. Ne6+
Kf7 40. Nxd8+ Rhxd8 41. Rxd8 Rxd8 42. Rf5+ Kg7 43. Kxg3 Rc8 44. Rg5+ Kh7 45.
Rb5 Rxc2 46. Rxb6 Rc4 47. f4 Rxa4 48. Kg4 Ra1 49. Ra6 a4 50. Kg5 Rg1+ 51. Kf5
Rh1 52. Ra7+ Kh6 53. Rxa4 Rxh4 54. Ra7 Rh5+ 55. Kf6 Rb5 56. Re7 Rb4 57. f5 Rf4
58. Re5 Rf1 59. Kf7 Kh7 60. f6 Kh6 61. Re2 Rb1 62. Rh2+ Kg5 63. Kg7 1-0

[Event "XXXII Festival Conca della Presolana Magistrale"]
[Site "Bratto - Castione della Presolana ITA"]
[Date "2012.08.20"]
[Round "3"]
[White "Gonella, Daniele"]
[Black "Arun Prasad, Subramanian"]
[WhiteElo "2157"]
[BlackElo "2531"]
[Result "0-1"]
[PlyCount "52"]
[EventDate "2012.08.18"]

1. e4 c5 2. Nf3 d6 3. d4 cxd4 4. Nxd4 Nf6 5. Nc3 a6 6. Bc4 e6 7. Bb3 Nbd7 8.
O-O Nc5 9. f4 Qc7 10. Qe2 Be7 11. e5 Nfd7 12. Nd5 exd5 13. exd6 Qxd6 14. Nf5
Qf6 15. Re1 Ne6 16. Nxe7 Kxe7 17. g4 Kd8 18. Qf2 Nc7 19. Be3 b5 20. Bd4 Qg6 21.
Qh4+ f6 22. f5 Qf7 23. Qg3 Bb7 24. Re3 Re8 25. Rae1 Rxe3 26. Rxe3 Ne5 0-1

[Event "XXXII Festival Conca della Presolana Magistrale"]
[Site "Bratto - Castione della Presolana ITA"]
[Date "2012.08.20"]
[Round "3"]
[White "Lanzani, Mario"]
[Black "Neelotpal, Das"]
[WhiteElo "2291"]
[BlackElo "2469"]
[Result "0-1"]
[PlyCount "74"]
[EventDate "2012.08.18"]

1. c4 Nf6 2. Nc3 e5 3. e3 Nc6 4. a3 g6 5. Nf3 Bg7 6. d4 exd4 7. exd4 O-O 8. d5
Ne7 9. Be2 Nf5 10. O-O d6 11. h3 Re8 12. g4 Ne7 13. Nd4 c6 14. dxc6 bxc6 15.
Bf3 Bd7 16. b4 d5 17. b5 Rc8 18. cxd5 Nexd5 19. Nxd5 cxd5 20. Be3 Ne4 21. Rc1
Rxc1 22. Qxc1 h5 23. Kg2 Qh4 24. Rh1 Bh6 25. Bxe4 Bxe3 26. Qxe3 Rxe4 27. Nf3
Rxe3 28. Nxh4 Rxa3 29. gxh5 gxh5 30. Rb1 Bxh3+ 31. Kg1 Be6 32. Ng2 Ra4 33. Kh2
Kg7 34. Kg3 h4+ 35. Kf3 Bf5 36. Rg1 Kf6 37. Nf4 Ra3+ 0-1

[Event "XXXII Festival Conca della Presolana Magistrale"]
[Site "Bratto - Castione della Presolana ITA"]
[Date "2012.08.20"]
[Round "3"]
[White "Lavorgna, Giovanni"]
[Black "Giuriato, Sergio"]
[WhiteElo "2091"]
[BlackElo "2003"]
[Result "1/2-1/2"]
[PlyCount "88"]
[EventDate "2012.08.18"]

1. e4 Nc6 2. Nf3 e5 3. Bc4 Nf6 4. d3 Bc5 5. O-O d6 6. c3 Bb6 7. Bg5 h6 8. Bh4
Be6 9. Bb5 g5 10. Bg3 Bd7 11. Nbd2 Ne7 12. Bc4 Ng6 13. a4 a5 14. d4 Qe7 15. Qb3
Nh5 16. Bb5 Nhf4 17. dxe5 dxe5 18. Nc4 Ne2+ 19. Kh1 Nxg3+ 20. fxg3 O-O-O 21.
Bxd7+ Rxd7 22. Nxb6+ cxb6 23. Qxb6 g4 24. Nh4 Nxh4 25. gxh4 Rhd8 26. Qxa5 Qxh4
27. Qc5+ Rc7 28. Qxe5 g3 29. Qxg3 Qxg3 30. hxg3 Rd2 31. Rab1 Rc4 32. Rxf7 Rxe4
33. b4 Rc2 34. Rf3 Ree2 35. Kh2 Rxg2+ 36. Kh3 h5 37. Kh4 Rh2+ 38. Kg5 Rh3 39.
Rbf1 Kb8 40. b5 Ka7 41. Kf4 Kb6 42. Rd1 h4 43. gxh4 Rxh4+ 44. Ke5 Rxa4 1/2-1/2

[Event "XXXII Festival Conca della Presolana Magistrale"]
[Site "Bratto - Castione della Presolana ITA"]
[Date "2012.08.20"]
[Round "3"]
[White "Llaneza Vega, Patricia"]
[Black "Cattaneo, Marco"]
[WhiteElo "2238"]
[BlackElo "2025"]
[Result "1/2-1/2"]
[PlyCount "83"]
[EventDate "2012.08.18"]

1. e4 Nf6 2. e5 Nd5 3. c4 Nb6 4. d4 d6 5. exd6 exd6 6. Nc3 Nc6 7. Be3 Be7 8.
Be2 O-O 9. Nf3 Bg4 10. b3 Bf6 11. O-O d5 12. c5 Nc8 13. Qd2 N8e7 14. Bg5 Bxg5
15. Nxg5 Bxe2 16. Nxe2 Nf5 17. Nf3 Qf6 18. b4 Rfe8 19. b5 Nd8 20. Rfd1 Ne6 21.
Rab1 Nh4 22. Nxh4 Qxh4 23. Rb3 Ng5 24. Ng3 Ne4 25. Nxe4 Rxe4 26. Re3 Rae8 27.
Rxe4 Qxe4 28. Kf1 g6 29. a4 b6 30. c6 Kg7 31. Re1 Qxe1+ 32. Qxe1 Rxe1+ 33. Kxe1
Kf6 34. Ke2 Ke6 35. Kf3 h6 36. Kf4 Kf6 37. Kg4 Ke6 38. h4 f5+ 39. Kf4 Kf6 40.
h5 g5+ 41. Kf3 Ke6 42. Kg3 1/2-1/2